載入...

pumukham

書目詳細資料
主要作者: Bhargavanpilla, G.
格式: Printed Book
語言:English
出版: Kottayam Vidyarthimithram
LEADER 00473nam a22001577a 4500
005 20151026130230.0
008 090923t xxu||||| |||| 00| 0 eng d
080 |a 89M-2  |b BHAG/P 
100 |a Bhargavanpilla, G.  |9 5229 
245 |a pumukham 
300 |a 148p. 
942 |c BK  |6 _ 
260 |a Kottayam  |b Vidyarthimithram  |9 808 
500 |a Radio plays 
999 |c 2387  |d 2387 
952 |0 0  |1 0  |2 udc  |4 0  |6 89M2BHAGP_  |7 0  |9 10683  |a UL  |b UL  |d 2009-09-23  |o 89M-2BHAG/P  |p H0003971  |r 2009-09-23  |w 2009-09-23  |y BK